| 000 | 00492nam a2200169 i 4500 | ||
|---|---|---|---|
| 001 | 33621 | ||
| 003 | ES-MaACL | ||
| 005 | 20230906154806.0 | ||
| 007 | t| | ||
| 008 | 030202s1971 sp ||||1| spa d | ||
| 245 | 0 | 0 |
_aBiología de los microorganismos / _cBain... [et al.] ; [traducción de Marisa Molinas]. |
| 250 | _a[1ª ed.]. | ||
| 260 |
_aBarcelona : _bAedos, _c1971. |
||
| 300 |
_a184 p., 1 lám. : _bil. ; _c21 cm. |
||
| 700 | 1 |
_aBain. _924725 |
|
| 852 |
_aES-MaACL _jC-41984 _bR.77691 |
||
| 999 |
_c33621 _d33621 |
||